000 00582nam a2200193Ia 4500
005 20250923145122.0
008 008 250917s9999 xx 000 0 eng d
037 _aReference
040 _aDSWL
_beng
_cDSWL
041 _aeng
_2eng
084 _aY:5:81.1'N6, N65
_qDSWL
245 0 _aWorld housing conditions and estimated housing
_cby United Nations
260 _aNew York
_b Dept. of Economic & Social Affairs
_c1965
300 _aviii,120 p.
365 _aUSD
_b0.75
925 _g0.75
942 _cREF
_hY:5:81.1'N6, N65
999 _c1447371
_d1447371